Countries by 3 Hints Quiz Stats

 Plays Quiz not verified by Sporcle

Score 0/30 Timer 08:00
1 Play Today
% Correct
Italy
82.5%
France
81.1%
Germany
78.3%
Sweden
77.1%
Poland
76.7%
Spain
75.9%
Finland
75.9%
Canada
74.8%
Netherlands
74.4%
Japan
73.3%
Honduras
70.9%
China
69.7%
Brazil
69.2%
Cuba
64.4%
Colombia
63.8%
% Correct
Israel
58.5%
Thailand
55.3%
Mongolia
54.3%
Egypt
53.5%
Saudi Arabia
52.8%
Nigeria
52.8%
Indonesia
49.8%
Iran
49.7%
Madagascar
43.5%
Botswana
41.2%
Tunisia
41.1%
Somalia
40.3%
Morocco
38.7%
Chad
35.6%
Tanzania
35.3%

You're not logged in!

Compare scores with friends on all Sporcle quizzes.
OR
Log In

Sporcle TV

Today on Sporcle TV


Watch our educational content, quiz creation guides, and fun videos on Sporcle TV.

Show Comments

Extras

Top Quizzes Today


Score Distribution

Your Account Isn't Verified!

In order to create a playlist on Sporcle, you need to verify the email address you used during registration. Go to your Sporcle Settings to finish the process.

Report this User

Report this user for behavior that violates our Community Guidelines.

Details: